Le Qatar pour les touristes... - Facile - Statistiques

Statistiques générales
  • Ce quiz a été pris 17 fois
  • Le résultat moyen est 11 sur 20
Statistiques - réponses
Question Indice Réponses Indice facile % Correct
Le suffixe internet est qa
100%
Code sur les plaques minéralogiques Q
100%
Quelle est la langue officielle ? Arabe
94%
Combien d'heures (environ) mettrez-vous pour vous y rendre ? (en chiffres) 7
88%
Le principal aéroport est D Doha
88%
Dans la capitale quel est le décalage horaire avec Paris ? (+ ou - et chiffre) ex - 10 ou + 3,5 + 1
81%
La religion majoritaire est Islam I
81%
Achats à faire 3/ Brûloir à... Encens SENCEN
75%
Comment se nomme la principale compagnie aérienne locale Q A Qatar Airways TAQIYASAARRW
75%
Achats à faire 4/ Pour le sol Tapis SIPAT
75%
Quel est le régime du pays ? M A Monarchie absolue
63%
Quel est le climat local ? D Désertique
50%
Quelles sont les principaux lieux touristiques ? T P Ile artificielle {The Pearl} PERTHALE
38%
Quelles sont les principaux lieux touristiques ? W Souk {Waqif} FIWAQ
38%
Achats à faire 1/ Contenants en peau de chèvre Outre TROUE
31%
Quelle est la monnaie ? Riyal qatarien R
13%
Quelles sont les principaux lieux touristiques ? A Z Fort {Al Zubarah}
0%
Achats à faire 2/ Poignard courbe Khandjar RADJAHKN
0%
Quelles sont les principaux lieux touristiques ? R A Péninsule de {Ras Abrouq} QRABROUAS
0%
Quelles sont les principaux lieux touristiques ? K A A Réserve de {Khor Al Adaid} LADAKHIADOR
0%
Aucun quiz correspondant
Distribution des résultats
% des personnes avec chaque résultat
Percentile par nombre de réponses
Votre historique - résultats
Vous n’avez pas pris ce quiz